[Event "Moscow Open 2009 B"]
[Site "www.moscowchessopen.ru"]
[Date "2009.02.05"]
[Round "6.81"]
[White "Pluzhnik, Mikhail"]
[Black "Rakhmatulaev, Konstantin"]
[Result "0-1"]
[WhiteElo "2177"]
[BlackElo "2002"]
[Annotator ""]
[Source ""]
[Remark ""]

1.e4 c5 2.Nf3 d6 3.d4 cxd4 4.Nxd4 g6 5.Nc3 Bg7 6.Be3 Nf6 7.f3
Nc6 8.Bc4 O-O 9.Qd2 Na5 10.Bb3 Nxb3 11.cxb3 a6 12.O-O-O b5 13.Kb1
Bb7 14.g4 b4 15.Na4 Nxe4 16.fxe4 Bxe4+ 17.Ka1 Bxh1 18.Rxh1 Qd7
19.Qg2 Rab8 20.Nc6 Rb5 21.Rc1 Kh8 22.Qe4 e6 23.h4 f5 24.gxf5
Rbxf5 25.Nxb4 Rf1 26.Qc4 Rxc1+ 27.Qxc1 Qb5 28.Nc2 Rf1 29.Ne1
Qe2 30.Bd2 Qe4 31.a3 Qxh4 32.Qc8+ Rf8 33.Qxe6 Qf6 34.Qe2 Qf2
35.Qd1 Re8 36.Nd3 Qe2 37.Qxe2 Rxe2 38.Bf4 Re6 39.Nb6 Be5 40.Bh6
Bg7 41.Bf4 h5 42.Nc4 d5 43.Nd6 h4 44.Nf7+ Kg8 45.Ng5 Rf6 46.Nh3
Rf5 47.Ndf2 Bf6 48.Ng4 Kf8 49.b4 g5 50.Bd6+ Kg7 51.a4 Rf3 52.Nxf6
Kxf6 53.b5 axb5 54.a5 Rf1+ 55.Ka2 Rc1 56.Kb3 Rc4 57.Bb8 Ra4 58.Bc7
d4 59.Bd8+ Kf5 60.Nxg5 Kg4 61.Ne6 h3 62.Bc7 Kf5 63.Nf4 h2 64.Ne2
d3 65.Ng3+ Kg4 66.Be5 Rxa5 67.Nh1 Kh3 68.Bxh2 Kxh2 69.Nf2 d2
70.Kc2 Kg2 71.Nd3 Kf3 72.Kxd2 Ke4 73.Kc3 Ra8 74.Nc5+ Kd5 75.Kb4
Kc6 76.Nb3 Ra4+ 77.Kc3 Rc4+ 78.Kd3 Kd5 79.Nd2 Rc8 80.Ne4 Rc1
81.Nc3+ Kc5 82.Kd2 Rh1 83.Kc2 Rh2+ 84.Kb3 Rh3 85.Kc2 Kc4 86.Nb1
Rh2+ 87.Nd2+ Kd4 88.Kc1 Kd3 0-1

[Event "Moscow Open 2009 B"]
[Site "www.moscowchessopen.ru"]
[Date "2009.02.05"]
[Round "6.82"]
[White "Shapfiullin, Ildar"]
[Black "Subbotsky, Mikhail"]
[Result "1/2-1/2"]
[WhiteElo "2175"]
[BlackElo "1974"]
[Annotator ""]
[Source ""]
[Remark ""]

1.d4 d5 2.c4 e6 3.Nf3 c6 4.Qb3 Bd6 5.Nc3 Qb6 6.c5 Qxb3 7.axb3
Bc7 8.b4 Nf6 9.b5 b6 10.cxb6 Bxb6 11.Bf4 Bb7 12.e3 Nbd7 13.b4
Ke7 14.Bd3 Rhc8 15.Na4 cxb5 16.Bxb5 Bc6 17.Bxc6 Rxc6 18.Nc5 a5
19.O-O Ra7 20.Bg5 Ke8 21.b5 Rc8 22.Na4 Bd8 23.Bf4 Nb6 24.Nxb6
Bxb6 25.Ne5 Ne4 26.Nc6 Raa8 27.Rfc1 Nd2 28.Ra4 Nc4 29.e4 Bc7
30.Bxc7 Rxc7 31.exd5 exd5 32.Nb4 Rd7 33.Nc6 f6 34.h3 Kf7 35.Rb1
Rb7 36.Kh2 1/2-1/2

[Event "Moscow Open 2009 B"]
[Site "www.moscowchessopen.ru"]
[Date "2009.02.05"]
[Round "6.83"]
[White "Zarivkina, Victorya"]
[Black "Asefi, Zaheeruddeen"]
[Result "1/2-1/2"]
[WhiteElo "2058"]
[BlackElo "2172"]
[Annotator ""]
[Source ""]
[Remark ""]

1.e4 g6 2.g3 Bg7 3.Bg2 d6 4.f4 e5 5.fxe5 dxe5 6.Nf3 Bg4 7.d3
Ne7 8.Be3 O-O 9.h3 Be6 10.O-O a5 11.Qd2 Qd7 12.Ng5 Nbc6 13.Nc3
Nd4 14.Nxe6 Qxe6 15.Nd5 Nxd5 16.exd5 Qd7 17.Bxd4 exd4 18.Rae1
Qd6 19.Qf4 Qc5 20.Re2 Ra6 21.Qh4 Qd6 22.Qf4 Qd8 23.a4 Rf6 24.Qe4
Rxf1+ 25.Kxf1 Bf6 26.h4 Qd6 27.Kf2 Kg7 28.b3 Qd7 29.Bf3 h5 30.Qf4
Re8 31.Rxe8 Qxe8 32.Qe4 Qd7 33.Kg2 Qd6 34.Qe1 b6 35.Qe4 Be5 36.Qe1
Kf8 37.Qf2 Ke7 38.Qe2 Kf6 39.Qd2 Kg7 40.Qe1 1/2-1/2

[Event "Moscow Open 2009 B"]
[Site "www.moscowchessopen.ru"]
[Date "2009.02.05"]
[Round "6.84"]
[White "Harutyunian, Tigran K"]
[Black "Nefedov, Sergey"]
[Result "1-0"]
[WhiteElo "1980"]
[BlackElo "2166"]
[Annotator ""]
[Source ""]
[Remark ""]

1.d4 Nf6 2.c4 g6 3.Nc3 Bg7 4.Nf3 O-O 5.Bf4 d6 6.h3 Nbd7 7.e3
c5 8.Be2 Qb6 9.Qd2 cxd4 10.exd4 Re8 11.O-O a6 12.Rac1 Nf8 13.a3
Bf5 14.b4 Ne4 15.Nxe4 Bxe4 16.Rfd1 Bxf3 17.Bxf3 e5 18.dxe5 dxe5
19.Be3 Qc7 20.Qd5 Rab8 21.Bc5 Rbc8 22.Qxb7 e4 23.Bxe4 Qf4 24.Bd5
Rc7 25.g3 Qe5 26.Qxa6 Qf5 27.Qb6 Be5 28.Bd6 Bxd6 29.Qxd6 Rd7
30.Qf4 Qxh3 31.Bg2 Qe6 32.Rxd7 Qxd7 33.Bd5 Kg7 34.Qf3 Ne6 35.Bxe6
Rxe6 36.c5 Kf8 37.Qc3 Qc6 38.Re1 Ke7 39.Rxe6+ Kxe6 40.Qc4+ Ke7
41.b5 Qf3 42.a4 h5 43.c6 Qd1+ 44.Kg2 h4 45.Qxh4+ Ke8 46.Qe4+
Kd8 47.b6 Qd6 48.c7+ Kd7 49.Qb7 1-0

[Event "Moscow Open 2009 B"]
[Site "www.moscowchessopen.ru"]
[Date "2009.02.05"]
[Round "6.85"]
[White "Martynenko, Alexey"]
[Black "Golynsky, Yuri"]
[Result "1-0"]
[WhiteElo "1968"]
[BlackElo "2164"]
[Annotator ""]
[Source ""]
[Remark ""]

1.e4 e5 2.Nf3 Nc6 3.Bb5 Nge7 4.c3 g6 5.O-O Bg7 6.d4 a6 7.Ba4
b5 8.Bc2 d6 9.Be3 O-O 10.a4 exd4 11.cxd4 Bg4 12.Na3 b4 13.Nc4
d5 14.exd5 Nxd5 15.h3 Bxf3 16.Qxf3 f5 17.Bb3 Kh8 18.Ne5 Nxe5
19.dxe5 Nxe3 20.Qxe3 f4 21.Qc5 Qg5 22.Rfe1 Rae8 23.Qxb4 Bxe5
24.h4 Qf6 25.Rac1 Rb8 26.Qc4 Bxb2 27.Rc2 c5 28.Re6 Qg7 29.Rxa6
Bd4 30.Rd2 Rb7 31.Qd5 Re7 32.Ra8 Ree8 33.Rxe8 Rxe8 34.Re2 Rf8
35.Re4 Qc7 36.h5 gxh5 37.Qxh5 Qd8 38.Bc2 Qd7 39.a5 Qc7 40.a6
f3 41.Re8 Rxe8 42.Qxe8+ Kg7 43.Qe4 Kf8 44.Qxf3+ Ke7 45.Qe4+ Kd6
46.Ba4 Qa5 47.Qc6+ Ke5 48.Qe8+ Kf6 49.Qf8+ Kg5 50.Qe7+ Kh6 51.Qf8+
Kg5 52.Qg8+ Kh6 53.Qe6+ Kg5 54.Qd5+ Kh6 55.Qc6+ Kg5 56.Kf1 Qd2
57.Qd5+ Kh6 58.Qe6+ Kg7 59.Qg4+ Kh6 60.Qh4+ Kg7 61.Qe7+ Kh6 62.Qf8+
Kg6 63.Be8+ Kg5 64.f4+ Kg4 65.Bd7+ Kg3 66.Qg8+ Kxf4 67.Qg4+ Ke5
68.Qe6+ Kf4 69.Qh6+ 1-0

[Event "Moscow Open 2009 B"]
[Site "www.moscowchessopen.ru"]
[Date "2009.02.05"]
[Round "6.86"]
[White "Medvedev, Nikolai"]
[Black "Gumirov, Konstantin L"]
[Result "1-0"]
[WhiteElo "1963"]
[BlackElo "2163"]
[Annotator ""]
[Source ""]
[Remark ""]

1.e4 e5 2.Nf3 Nc6 3.Bb5 Bc5 4.c3 Qf6 5.O-O Nge7 6.b4 Bb6 7.a4
a6 8.Bc4 h6 9.Bb2 O-O 10.a5 Ba7 11.Na3 d6 12.Nc2 Ng6 13.Ne3 Nce7
14.d4 Nf4 15.Bb3 g5 16.c4 Neg6 17.dxe5 dxe5 18.Nd5 Nxd5 19.cxd5
g4 20.Ne1 h5 21.Bc1 h4 22.Be3 Bxe3 23.fxe3 Qg5 24.Qe2 Bd7 25.Bc4
Rac8 26.Rb1 c6 27.d6 h3 28.g3 Kg7 29.Nd3 Rcd8 30.Nc5 f5 31.Nxb7
f4 32.Nxd8 Qxd8 33.Bxa6 fxg3 34.hxg3 h2+ 35.Qxh2 Rh8 36.Qf2 Be6
37.Rbd1 Nf8 38.Bb7 Qg5 39.Kg2 Nd7 40.a6 Rf8 41.Qd2 Qh6 42.Rh1
Qg6 43.Bxc6 Rc8 44.b5 Nc5 45.d7 Nxd7 46.Qd6 Rg8 47.Qe7+ 1-0

[Event "Moscow Open 2009 B"]
[Site "www.moscowchessopen.ru"]
[Date "2009.02.05"]
[Round "6.87"]
[White "Atababayev, Khalid"]
[Black "Matveev, Stanislav"]
[Result "1/2-1/2"]
[WhiteElo "1961"]
[BlackElo "2161"]
[Annotator ""]
[Source ""]
[Remark ""]

1.d4 Nf6 2.c4 g6 3.Nc3 Bg7 4.e4 d6 5.Be2 O-O 6.Bg5 Na6 7.Qd2
e5 8.dxe5 dxe5 9.Qxd8 Rxd8 10.Nd5 Rd6 11.Bxf6 Bxf6 12.Nxf6+ Rxf6
13.Nf3 Bg4 14.Nxe5 Bxe2 15.Kxe2 Re6 16.Ng4 Rxe4+ 17.Ne3 Rae8
18.Kf3 c6 19.Rad1 Kg7 20.Rd2 R4e6 21.g3 Nc5 22.Re1 Ne4 23.Rde2
Rd8 24.Kg2 a5 25.Nf1 Nc5 26.Rxe6 Nxe6 27.b3 Rd3 28.Re3 Rd1 29.Rc3
Nd4 30.c5 Ra1 31.Rc4 Ne6 32.Rc2 f5 33.Ne3 f4 34.gxf4 Nxf4+ 35.Kf3
Nd3 1/2-1/2

[Event "Moscow Open 2009 B"]
[Site "www.moscowchessopen.ru"]
[Date "2009.02.05"]
[Round "6.88"]
[White "Tobengauz, Pavel"]
[Black "Sampilov, Bazarjap"]
[Result "0-1"]
[WhiteElo "1955"]
[BlackElo "2157"]
[Annotator ""]
[Source ""]
[Remark ""]

1.e4 c5 2.c4 Nc6 3.Nc3 g6 4.g3 Bg7 5.Bg2 d6 6.Nge2 e6 7.a3 Nge7
8.O-O O-O 9.Rb1 a5 10.b3 h6 11.Qc2 Rb8 12.Bb2 Nd4 13.Nxd4 cxd4
14.Ne2 e5 15.d3 b5 16.Bc1 Be6 17.Bd2 Kh7 18.Rfc1 Rc8 19.Qd1 Qb6
20.Rc2 Qa6 21.Rbc1 a4 22.cxb5 Qxb5 23.Rxc8 Rxc8 24.Bb4 axb3 25.Rb1
Rc2 26.Bxd6 Nc8 27.Qxc2 Nxd6 28.Qd2 Qa6 29.Nc1 Nb5 30.Nxb3 Nc3
31.Rb2 Qxa3 32.Nc1 h5 33.f4 Bh6 34.Rc2 Qa1 35.Kf2 Qb1 36.Ne2
Nxe2 37.Qxe2 exf4 38.gxf4 Bxf4 39.Rb2 Be3+ 40.Kg3 Bg4 41.Rxb1
Bxe2 42.Bf1 Bg4 43.Rb7 Kg7 44.h3 Be6 45.Be2 Kf6 46.Bd1 h4+ 47.Kg2
Bc8 48.Ra7 Be6 49.Ba4 Ke5 50.Be8 Kf6 51.Rb7 Ba2 52.Rb2 Be6 53.Rb7
Ba2 54.Ba4 Ke5 55.Be8 Kf6 56.Bd7 Ke5 57.Rb2 Be6 58.Bxe6 Kxe6
59.Rb5 Kf6 60.Kf3 Ke6 61.Rb8 Kf6 62.Rb2 Kg5 63.Rb5+ Kf6 64.Kg4
Bf2 65.Rb6+ Ke5 66.Rb5+ Kf6 67.Rb1 Ke6 68.Kf3 Bg3 69.Rb6+ Ke5
70.Ra6 f6 71.Rb6 Bh2 72.Kg4 Bg3 73.Rc6 Be1 74.Ra6 Bg3 75.Rb6
Be1 76.Rb8 f5+ 77.exf5 gxf5+ 78.Kg5 Bd2+ 79.Kxh4 Kf4 80.Re8 Kf3
81.Re5 f4 82.Rb5 Ke2 83.Rb7 f3 0-1

[Event "Moscow Open 2009 B"]
[Site "www.moscowchessopen.ru"]
[Date "2009.02.05"]
[Round "6.89"]
[White "Levashov, Michael"]
[Black "Goroshilov, Vladislav"]
[Result "1/2-1/2"]
[WhiteElo "1952"]
[BlackElo "2147"]
[Annotator ""]
[Source ""]
[Remark ""]

1.Nf3 Nf6 2.c4 e6 3.d4 d5 4.Nc3 Nbd7 5.Bg5 c6 6.e3 Qa5 7.Bxf6
Nxf6 8.Nd2 Bb4 9.Qc2 O-O 10.Bd3 Re8 11.O-O e5 12.dxe5 Rxe5 13.cxd5
cxd5 14.Nb3 Qd8 15.a3 Bf8 16.Rac1 Rh5 17.Nd4 Bd6 18.g3 a6 19.Rfe1
Bd7 20.Bf1 Rc8 21.Qd2 b5 22.Bg2 b4 23.axb4 Bxb4 24.Qe2 Qb6 25.Red1
Bxc3 26.Rxc3 Rxc3 27.bxc3 Re5 28.Ra1 Bc8 29.Qa2 h6 30.Bf1 Re7
31.c4 dxc4 32.Bxc4 Rc7 33.Bd3 Qc5 34.Qa5 Qxa5 35.Rxa5 Rc1+ 36.Kg2
Bb7+ 37.f3 Rc3 38.Bxa6 Bxa6 39.Rxa6 Rxe3 40.Ra2 g6 41.Kf2 Rd3
42.Ne2 1/2-1/2

[Event "Moscow Open 2009 B"]
[Site "www.moscowchessopen.ru"]
[Date "2009.02.05"]
[Round "6.90"]
[White "Pranizin, Gennady"]
[Black "Glushkov, Lev"]
[Result "1-0"]
[WhiteElo "2145"]
[BlackElo "1897"]
[Annotator ""]
[Source ""]
[Remark ""]

1.e4 e6 2.d4 d5 3.Nc3 Bb4 4.Nge2 dxe4 5.a3 Bxc3+ 6.Nxc3 Nc6 7.Be3
Nf6 8.g3 Ne7 9.Bg2 Ned5 10.Nxe4 Nxe4 11.Bxe4 Nxe3 12.fxe3 O-O
13.O-O Qg5 14.Qd3 f5 15.Bg2 c6 16.e4 Bd7 17.exf5 Rxf5 18.Be4
Rxf1+ 19.Rxf1 g6 20.h4 Qh6 21.Kg2 Rf8 22.Rxf8+ Kxf8 23.c3 Ke7
24.Qe2 Qg7 25.Qe3 h6 26.b4 g5 27.h5 Qf7 28.Bf3 Qf5 29.Be2 Qd5+
30.Kh2 Bc8 31.g4 e5 32.Bf3 Qe6 33.dxe5 Qa2+ 34.Kg3 Qxa3 35.Qc5+
Kf7 36.Qd6 Qxc3 37.Qg6+ Kf8 38.Qxh6+ Kf7 39.Qf6+ Kg8 40.h6 Qe1+
41.Kg2 Qd2+ 42.Kh3 Qd7 43.e6 Qh7 44.Be4 1-0

[Event "Moscow Open 2009 B"]
[Site "www.moscowchessopen.ru"]
[Date "2009.02.05"]
[Round "6.91"]
[White "Rossinskaya, Ljudmilla"]
[Black "Shitov, Yaroslav"]
[Result "0-1"]
[WhiteElo "1938"]
[BlackElo "2137"]
[Annotator ""]
[Source ""]
[Remark ""]

1.e4 e5 2.Nf3 d5 3.d3 dxe4 4.dxe4 Qxd1+ 5.Kxd1 Bg4 6.Be2 Nc6
7.c3 Bc5 8.Ke1 f5 9.Bb5 Bxf3 10.Bxc6+ bxc6 11.gxf3 fxe4 12.fxe4
Nf6 13.f3 O-O 14.Rf1 Rad8 15.Bg5 Rd3 16.Nd2 Be3 17.Bxe3 Rxe3+
18.Kf2 Ng4+ 19.Kg3 Re2 20.fxg4 Rxd2 21.Rxf8+ Kxf8 22.Rf1+ Ke7
23.Rf2 Rd1 24.Rf5 Ke6 25.Rf2 a5 26.b3 Re1 27.Kf3 Rc1 28.c4 a4
29.Re2 Kd6 30.g5 Rf1+ 31.Ke3 axb3 32.axb3 Rg1 33.b4 Rxg5 34.Kf3
Rg6 35.c5+ Ke7 36.Rb2 Rf6+ 37.Ke3 Rh6 38.Kd3 Rh3+ 39.Kc4 Re3
40.b5 Rxe4+ 41.Kd3 Rd4+ 42.Ke3 cxb5 43.Rxb5 Rh4 44.Rb7 Kd7 45.Rb8
Kc6 46.Rg8 g6 47.Re8 Kd5 48.Re7 c6 49.Rd7+ Kxc5 50.Rd2 Rd4 0-1

[Event "Moscow Open 2009 B"]
[Site "www.moscowchessopen.ru"]
[Date "2009.02.05"]
[Round "6.92"]
[White "Sadikhov, Ulvi Ramil Oglu"]
[Black "Lisinov, Viacheslav"]
[Result "0-1"]
[WhiteElo "1885"]
[BlackElo "2129"]
[Annotator ""]
[Source ""]
[Remark ""]

1.e4 e6 2.d4 d5 3.Nc3 Nf6 4.e5 Nfd7 5.f4 c5 6.Nf3 Nc6 7.Be3 a6
8.Qd2 Be7 9.dxc5 Nxc5 10.Qf2 Qa5 11.Qd2 b5 12.Ne2 Qc7 13.Bxc5
Bxc5 14.c3 Bd7 15.Ned4 f6 16.exf6 gxf6 17.Nb3 Bd6 18.g3 Ne7 19.O-O-O
b4 20.Nfd4 e5 21.fxe5 fxe5 22.Nc2 a5 23.Bg2 Be6 24.Ne3 bxc3 25.Qxc3
Qxc3+ 26.bxc3 a4 27.Na1 Ba3+ 28.Kd2 O-O 29.Ke2 Rad8 30.Rhf1 d4
31.Rxf8+ Kxf8 32.cxd4 exd4 33.Nec2 Bc5 34.Be4 Kg7 35.a3 Rd7 36.Bg2
Bg4+ 37.Bf3 d3+ 38.Rxd3 Rxd3 39.Kxd3 Bxf3 0-1

[Event "Moscow Open 2009 B"]
[Site "www.moscowchessopen.ru"]
[Date "2009.02.05"]
[Round "6.93"]
[White "Rublev, Sergey"]
[Black "Ivanov, Nikolay"]
[Result "1-0"]
[WhiteElo "2128"]
[BlackElo "1400"]
[Annotator ""]
[Source ""]
[Remark ""]

1.e4 c5 2.c3 Nf6 3.e5 Nd5 4.d4 cxd4 5.cxd4 Nc6 6.Nc3 Nxc3 7.bxc3
d5 8.Bd3 g6 9.Ne2 Bg7 10.a4 O-O 11.Ng3 f6 12.exf6 exf6 13.h4
Re8+ 14.Kf1 f5 15.h5 Be6 16.hxg6 hxg6 17.Bf4 Kf7 18.Qd2 Rh8 19.Rxh8
Bxh8 20.Rb1 Qd7 21.Qb2 b6 22.Bb5 Bf6 23.Re1 g5 24.Be5 a6 25.Qe2
axb5 26.Qh5+ Ke7 27.Bxf6+ Kxf6 28.Qh6+ Ke7 29.Nxf5+ Kd8 30.Rxe6
Kc7 31.axb5 Ra1+ 32.Ke2 1-0

[Event "Moscow Open 2009 B"]
[Site "www.moscowchessopen.ru"]
[Date "2009.02.05"]
[Round "6.94"]
[White "Muhtarov, Leonid"]
[Black "Khajkin, Boris"]
[Result "1-0"]
[WhiteElo "2124"]
[BlackElo "1400"]
[Annotator ""]
[Source ""]
[Remark ""]

1.Nf3 Nf6 2.g3 d5 3.Bg2 h6 4.O-O Bf5 5.d3 e6 6.Nbd2 c6 7.b3 Nbd7
8.Bb2 Bc5 9.Qe1 O-O 10.e4 Bh7 11.h3 Qc7 12.Kh1 a5 13.a4 Rad8
14.Rd1 b5 15.Ra1 Bb6 16.Ba3 dxe4 17.Nxe4 Nxe4 18.dxe4 Rfe8 19.Bb2
Nc5 20.Nh2 Na6 21.Qe2 Nc5 22.h4 bxa4 23.bxa4 e5 24.Ng4 f6 25.Bc1
h5 26.Nh2 Qf7 27.Be3 Ba7 28.Rfb1 Re7 29.f3 Ne6 30.Bxa7 Rxa7 31.Bf1
c5 32.Rb6 Rad7 33.Qc4 Rd6 34.Rxd6 Rxd6 1-0

[Event "Moscow Open 2009 B"]
[Site "www.moscowchessopen.ru"]
[Date "2009.02.05"]
[Round "6.95"]
[White "Vavulin, Maksim"]
[Black "Bereznev, Andrey"]
[Result "1-0"]
[WhiteElo "1857"]
[BlackElo "2122"]
[Annotator ""]
[Source ""]
[Remark ""]

1.e4 c5 2.Nf3 Nc6 3.Bb5 a6 4.Bxc6 dxc6 5.d3 e6 6.O-O Nf6 7.h3
Be7 8.Be3 Qc7 9.a4 c4 10.Na3 cxd3 11.cxd3 Nd7 12.Qd2 e5 13.Qc3
O-O 14.Nc4 f6 15.a5 Re8 16.Nfd2 Rb8 17.f4 Bc5 18.Bxc5 Nxc5 19.f5
Qd8 20.Ra3 Qd4+ 21.Qxd4 exd4 22.Rc1 Rd8 23.Nf3 Nd7 24.b4 b5 25.Ncd2
Bb7 26.Nxd4 c5 27.bxc5 Nxc5 28.Rxc5 Rxd4 29.Rc7 Rdd8 30.Rac3
Rdc8 31.Rxc8+ Rxc8 32.Rxc8+ Bxc8 33.Kf2 Kf7 34.Ke3 Ke7 35.d4
Kd6 36.Kd3 g6 37.g4 Ke7 38.Nf1 h5 39.Ne3 hxg4 40.hxg4 g5 41.Nd5+
Kf7 42.e5 fxe5 43.dxe5 Bb7 44.e6+ Ke8 45.Kd4 Kf8 46.Ke5 1-0

[Event "Moscow Open 2009 B"]
[Site "www.moscowchessopen.ru"]
[Date "2009.02.05"]
[Round "6.97"]
[White "Zhukovsky, Viacheslav"]
[Black "Pluzyan, Aram"]
[Result "0-1"]
[WhiteElo "2115"]
[BlackElo "1400"]
[Annotator ""]
[Source ""]
[Remark ""]

1.c4 c5 2.Nf3 Nc6 3.Nc3 g6 4.d4 Bg7 5.d5 Nd4 6.Nxd4 Bxd4 7.Nb5
Be5 8.d6 exd6 9.Nxd6+ Ke7 10.Ne4 Nf6 11.Ng3 Qa5+ 12.Bd2 Qc7 13.Qc2
Re8 14.e3 Kf8 15.Be2 Qb6 16.Rb1 Qe6 17.O-O Bxg3 18.hxg3 Ne4 19.Bc1
b6 20.b3 Bb7 21.Bf3 f6 22.Bb2 Kf7 23.Rbd1 Bc6 24.Rd3 Rad8 25.Rfd1
h5 26.Ba1 Rh8 27.Qb2 d6 28.Qe2 Rh7 29.Bb2 h4 30.gxh4 Rxh4 31.g3
Qh3 32.gxh4 Nc3 33.Bxc3 Bxf3 34.Qxf3 Qxf3 35.Rd5 Ke6 36.Kf1 Qh3+
37.Ke2 Qxh4 38.Ke1 Qh1+ 39.Ke2 Qg2 40.R1d2 Qg4+ 41.Kd3 b5 42.Bb2
a6 43.Ba3 Rd7 44.Kc2 Qe4+ 45.Kd1 bxc4 46.bxc4 Qxc4 47.R5d3 d5
48.Rb3 Rh7 49.Re2 Rh1+ 50.Re1 Rxe1+ 51.Kxe1 a5 52.Bb2 Kf5 53.Rb6
Qxa2 54.f3 Qb1+ 55.Kf2 a4 56.Rxf6+ Kg5 57.Be5 a3 58.Rf7 Kh6 59.Bg7+
Kh7 60.Be5+ Kg8 61.Rg7+ Kf8 62.Ra7 a2 63.f4 d4 64.exd4 a1Q 65.Rxa1
Qxa1 66.dxc5 Qa2+ 0-1

[Event "Moscow Open 2009 B"]
[Site "www.moscowchessopen.ru"]
[Date "2009.02.05"]
[Round "6.98"]
[White "Lopukhin, Anatoly"]
[Black "Kartsev, Sergei"]
[Result "1-0"]
[WhiteElo "1400"]
[BlackElo "2114"]
[Annotator ""]
[Source ""]
[Remark ""]

1.d4 d5 2.Nf3 Nf6 3.Bf4 Bf5 4.c4 c6 5.Qb3 Qb6 6.c5 Qxb3 7.axb3
a6 8.h3 g6 9.Nc3 Nbd7 10.b4 Rc8 11.Nd2 Bg7 12.g4 Be6 13.f3 O-O
14.Nb3 Ra8 15.e3 Ne8 16.b5 cxb5 17.Bxb5 Rc8 18.Bxd7 Bxd7 19.Nxd5
Rd8 20.Nxe7+ Kh8 21.Na5 Bf6 22.Nd5 Bh4+ 23.Kd2 g5 24.Bh2 Bc8
25.Ne7 Be6 26.c6 bxc6 27.Naxc6 Ra8 28.Ra5 h6 29.d5 Bd7 30.Rha1 1-0

[Event "Moscow Open 2009 B"]
[Site "www.moscowchessopen.ru"]
[Date "2009.02.05"]
[Round "6.99"]
[White "Vetryansky, Vladimir"]
[Black "Vyatkin, Aleksandr"]
[Result "1-0"]
[WhiteElo "2114"]
[BlackElo "1400"]
[Annotator ""]
[Source ""]
[Remark ""]

1.e4 c5 2.Nf3 Nc6 3.c3 Nf6 4.e5 Nd5 5.d4 cxd4 6.Bc4 Nb6 7.Bb3
d5 8.exd6 Qxd6 9.O-O Bf5 10.cxd4 e6 11.Nc3 Be7 12.a4 O-O 13.a5
Nd5 14.Re1 Rac8 15.a6 bxa6 16.Bxd5 exd5 17.Rxa6 Qd7 18.Qa4 Be6
19.Bf4 Bd8 20.Rc1 Bb6 21.h3 Qe7 22.Qd1 Na5 23.Ra1 Nc4 24.Qb3
Qf6 25.Ne2 Bf5 26.Be5 Qc6 27.Rc1 f6 28.Bf4 Rfe8 29.Ng3 Bd7 30.Raa1
Qb5 31.Qxb5 Bxb5 32.b3 Na5 33.Rxc8 Rxc8 34.Nf5 Rd8 35.b4 Nc6
36.Bd6 a6 37.Bc5 Bc7 38.Ne7+ Kf7 39.Nxc6 Bxc6 40.Rxa6 1-0

[Event "Moscow Open 2009 B"]
[Site "www.moscowchessopen.ru"]
[Date "2009.02.05"]
[Round "6.100"]
[White "Kuzin, Sergey"]
[Black "Benza, Artem"]
[Result "1-0"]
[WhiteElo "2037"]
[BlackElo "2298"]
[Annotator ""]
[Source ""]
[Remark ""]

1.d4 g6 2.c4 Bg7 3.Nc3 d6 4.g3 Nh6 5.Bg2 O-O 6.Nf3 c6 7.O-O f5
8.e4 Nf7 9.Ne1 Na6 10.Kh1 e5 11.d5 Nc5 12.f3 cxd5 13.cxd5 a5
14.Nd3 b6 15.Nxc5 bxc5 16.Qc2 Nh6 17.Be3 f4 18.Bf2 fxg3 19.Bxg3
Kh8 20.a3 Rb8 21.Rab1 Ng8 22.f4 Ba6 23.Rf3 exf4 24.Bxf4 Nf6 25.Bg5
Qb6 26.e5 Ng4 27.e6 Rxf3 28.Bxf3 Bd3 29.Qa4 Bxc3 30.Bxg4 c4 31.Rf1
Qd4 32.Bf6+ Qxf6 33.Rxf6 Bxf6 34.Bf3 g5 35.Qd7 Be5 36.e7 Bg6
37.Qd8+ 1-0

[Event "Moscow Open 2009 B"]
[Site "www.moscowchessopen.ru"]
[Date "2009.02.05"]
[Round "6.101"]
[White "Borisovsky, Viktor"]
[Black "Kalinin, Anatoly"]
[Result "1-0"]
[WhiteElo "2041"]
[BlackElo "2293"]
[Annotator ""]
[Source ""]
[Remark ""]

1.d4 d5 2.c4 e6 3.Nc3 c6 4.e4 dxe4 5.Nxe4 Nf6 6.Nc3 Bd6 7.Nf3
O-O 8.Bd3 Nbd7 9.O-O e5 10.d5 cxd5 11.cxd5 a6 12.Bg5 h6 13.Bh4
Qb6 14.Qe2 Re8 15.Nd2 Qd4 16.Nde4 Nxe4 17.Bxe4 Nf8 18.Rfd1 Qa7
19.Qh5 b5 20.Rd3 b4 21.Ne2 f5 22.Qxe8 fxe4 23.Rg3 Kh7 24.Rc1
Bf5 25.Qc6 Qb8 26.Rb3 g5 27.Bg3 a5 28.a4 Ra7 29.Qb5 Qa8 30.Nd4
Bd7 31.Nc6 Rc7 32.Qe2 Bf5 33.f3 exf3 34.Rxf3 Bg6 35.Bxe5 Bxe5
36.Qxe5 Rg7 37.Qb8 Qxb8 38.Nxb8 Nd7 39.Nxd7 Rxd7 40.Rc5 Be4 41.Re3 1-0

[Event "Moscow Open 2009 B"]
[Site "www.moscowchessopen.ru"]
[Date "2009.02.05"]
[Round "6.102"]
[White "Malov, Lev"]
[Black "Chapurin, A"]
[Result "0-1"]
[WhiteElo "2036"]
[BlackElo "2280"]
[Annotator ""]
[Source ""]
[Remark ""]

1.d4 d5 2.Nc3 g6 3.Bg5 Bg7 4.Qd2 c6 5.O-O-O b5 6.Kb1 a5 7.f3
h6 8.Bf4 Nf6 9.Be5 Nbd7 10.Bxf6 Nxf6 11.e3 Qb6 12.e4 dxe4 13.Nxe4
Nxe4 14.fxe4 O-O 15.Nf3 Rd8 16.Be2 e5 17.c3 b4 18.Ka1 bxc3 19.bxc3
exd4 20.cxd4 c5 21.Qb2 Qxb2+ 22.Kxb2 cxd4 23.Bd3 Rb8+ 24.Kc2
Be6 25.Rb1 Rdc8+ 26.Kd2 Bxa2 27.Rxb8 Rxb8 28.Rc1 Rb2+ 29.Rc2
Rxc2+ 30.Kxc2 Be6 31.Bb5 f5 32.e5 Bd5 33.Kd3 Bxf3 34.gxf3 Bxe5
35.h3 Kf7 36.Kc4 Ke6 37.Kc5 Bf6 38.f4 g5 39.Bc4+ Kd7 40.Bd3 gxf4
41.Bxf5+ Ke8 42.Be4 Kf7 43.Kb5 Bd8 44.Kc5 Kf6 45.Kxd4 Bb6+ 46.Kc4
Kg5 47.Kd3 Kh4 48.Ke2 Kxh3 0-1

[Event "Moscow Open 2009 B"]
[Site "www.moscowchessopen.ru"]
[Date "2009.02.05"]
[Round "6.103"]
[White "Volkov, Anton"]
[Black "Cherny, Oleg"]
[Result "1-0"]
[WhiteElo "2268"]
[BlackElo "2043"]
[Annotator ""]
[Source ""]
[Remark ""]

1.d4 d5 2.Bf4 e6 3.e3 c5 4.c3 Bd6 5.Nf3 Bxf4 6.exf4 Qb6 7.Qb3
Qxb3 8.axb3 cxd4 9.Nxd4 Nc6 10.Nxc6 bxc6 11.b4 Bb7 12.Nd2 Ne7
13.Bd3 O-O 14.O-O d4 15.c4 Rfb8 16.Nb3 Bc8 17.Ra4 Rb7 18.Rfa1
a6 19.R1a3 Nf5 20.Kf1 Bd7 21.Nc5 1-0

[Event "Moscow Open 2009 B"]
[Site "www.moscowchessopen.ru"]
[Date "2009.02.05"]
[Round "6.104"]
[White "Kazakov, Konstantin"]
[Black "Kreines, Mikhail"]
[Result "1-0"]
[WhiteElo "2265"]
[BlackElo "2041"]
[Annotator ""]
[Source ""]
[Remark ""]

1.e4 e5 2.Nf3 Nf6 3.Nxe5 d6 4.Nf3 Nxe4 5.Nc3 Nxc3 6.dxc3 Nc6
7.Be3 Be7 8.Qd2 Be6 9.Nd4 Nxd4 10.cxd4 d5 11.Bd3 Qd7 12.O-O O-O
13.Bg5 Bxg5 14.Qxg5 h6 15.Qf4 Rfe8 16.Rfe1 Re7 17.Re3 Rae8 18.Rae1
f6 19.Bg6 Bf7 20.Bd3 Rxe3 21.Rxe3 Rxe3 22.fxe3 Kf8 23.h3 Ke7
24.Kf2 g5 25.Qf3 Qe6 26.b3 Kf8 27.Qg3 Qd7 28.h4 Kg7 29.c4 c6
30.hxg5 hxg5 31.Qb8 a6 32.c5 Bg6 33.Qd6 Qf7 34.Be2 Bh5 35.Bd3
Bg6 36.Bf1 Qf8 37.Qd7+ Qf7 38.Qc8 Qe7 39.b4 Be8 40.Be2 Bg6 41.Bg4
Bd3 42.Be6 Bh7 43.Bd7 Qe4 44.Qxb7 Qh4+ 45.Ke2 Kh6 46.Qxc6 Qh5+
47.Kd2 Qg6 48.Ke1 g4 49.Qd6 g3 50.Qf4+ Kg7 51.Qg4 1-0

[Event "Moscow Open 2009 B"]
[Site "www.moscowchessopen.ru"]
[Date "2009.02.05"]
[Round "6.106"]
[White "Dolbnia, Dmitry"]
[Black "Kuznetsov, Mikhail V"]
[Result "1-0"]
[WhiteElo "2027"]
[BlackElo "2196"]
[Annotator ""]
[Source ""]
[Remark ""]

1.e4 c5 2.Nf3 d6 3.d4 cxd4 4.Nxd4 Nf6 5.Nc3 a6 6.Be3 e6 7.f3
b5 8.Qd2 Qc7 9.O-O-O Nbd7 10.g4 Nb6 11.g5 Nfd7 12.Qf2 Nc4 13.Bxc4
Qxc4 14.Kb1 Ne5 15.Rhg1 Qc7 16.f4 Nc4 17.f5 b4 18.Nce2 e5 19.Nf3
Bb7 20.Ng3 Rc8 21.Bc1 Be7 22.f6 gxf6 23.gxf6 Bxf6 24.Nh5 Qe7
25.Ng5 Bxg5 26.Bxg5 Qc7 27.Ng7+ Kd7 28.Qxf7+ Kc6 29.Qxc4+ Kb6
30.Be3+ Ka5 31.Rd5+ Bxd5 32.Qxd5+ 1-0

[Event "Moscow Open 2009 B"]
[Site "www.moscowchessopen.ru"]
[Date "2009.02.05"]
[Round "6.107"]
[White "Babaev, Mikhail"]
[Black "Kondratiev, Vissarion L"]
[Result "1-0"]
[WhiteElo "2023"]
[BlackElo "2188"]
[Annotator ""]
[Source ""]
[Remark ""]

1.d4 d5 2.c3 e6 3.Nf3 c5 4.e3 Nf6 5.Bd3 Nc6 6.Nbd2 Bd6 7.O-O
O-O 8.e4 cxd4 9.cxd4 dxe4 10.Nxe4 Be7 11.Be3 Nb4 12.Nxf6+ Bxf6
13.Bb1 Qd5 14.a3 Nc6 15.Qd3 g6 16.Ba2 Qh5 17.Rac1 Ne7 18.Rc5
Nd5 19.Qe4 Be7 20.Rxd5 exd5 21.Qxe7 Bg4 22.Ne5 Be2 23.Re1 Bc4
24.Bxc4 dxc4 25.Nd7 Qd5 26.Bh6 Rfd8 27.Nc5 Qc6 28.Qe5 f6 29.Qe7 1-0

[Event "Moscow Open 2009 B"]
[Site "www.moscowchessopen.ru"]
[Date "2009.02.05"]
[Round "6.108"]
[White "Khazankin, Moisei"]
[Black "Remizov, Alexander"]
[Result "0-1"]
[WhiteElo "2180"]
[BlackElo "2032"]
[Annotator ""]
[Source ""]
[Remark ""]

1.e4 e5 2.Nf3 d6 3.Bc4 Be7 4.O-O Nf6 5.Re1 Nc6 6.c3 a6 7.d4 b5
8.Bb3 exd4 9.cxd4 Bg4 10.Nc3 Bxf3 11.gxf3 Qd7 12.Kh1 Na5 13.Bc2
c5 14.d5 Nc4 15.Rg1 Ne5 16.f4 Neg4 17.f3 Nf2+ 18.Kg2 Nxd1 19.Nxd1
Nh5 20.a4 O-O 21.Nf2 0-1

[Event "Moscow Open 2009 B"]
[Site "www.moscowchessopen.ru"]
[Date "2009.02.05"]
[Round "6.109"]
[White "Paravyan, David"]
[Black "Menshikov, Alexander"]
[Result "1-0"]
[WhiteElo "2021"]
[BlackElo "2174"]
[Annotator ""]
[Source ""]
[Remark ""]

1.e4 c5 2.Nf3 Nc6 3.d4 cxd4 4.Nxd4 e5 5.Nb5 d6 6.N1c3 a6 7.Na3
b5 8.Nd5 Nge7 9.Bg5 f6 10.Be3 Nxd5 11.Qxd5 Bb7 12.Qd2 Ne7 13.c4
b4 14.Qxb4 Bxe4 15.c5 d5 16.Qa4+ Kf7 17.f3 Bf5 18.Rd1 Qc8 19.b4
Be6 20.Bd3 a5 21.bxa5 d4 22.Bd2 Qxc5 23.Rc1 Qd6 24.Nb5 Qd7 25.Rc7
Qd8 26.Bc4 f5 27.Bxe6+ Kxe6 28.Qc4+ Kf6 29.Rc6+ Nxc6 30.Qxc6+
Kf7 31.Nc7 Qc8 32.Qd5+ 1-0